Архитектура Кремля - Statistics

General Stats
  • This quiz has been taken 14 times
  • The average score is 21 of 37
Answer Stats
Picture Answer % Correct
Царь-колокол
100%
Троицкая башня
83%
Спасская башня
83%
Исторический музей
83%
Царь-пушка
83%
Собор Спаса на Бору
67%
Успенский собор
67%
Благовещенский собор
67%
Вознесенский монастырь
67%
Кутафья башня
67%
Грановитая палата
67%
Лобное место
67%
Колокольня Ивана Великого
67%
Чудов монастырь
50%
Архангельский собор
50%
Церковь Ризоположения
50%
Большой Кремлёвский дворец
50%
Теремной дворец
50%
Сенатский дворец
50%
Государственный Кремлёвский дворец
50%
Боровицкая башня
50%
Водовзводная башня
50%
Тайницкая башня
50%
Беклемишевская башня
50%
Царская башня
50%
Никольская башня
50%
Арсенал Московского Кремля
50%
Соборная площадь
50%
собор Покрова на Рву
50%
Мавзолей им. Ленина
50%
Собор Казанской иконы Божией Матери
50%
Воскресенские ворота
50%
Итальянский грот
50%
Патриарший дворец
50%
Церковь 12 апостолов
50%
Оружейная палата
33%
Золотая Царицына палата
33%
No matching quizzes found
Score Distribution
Percent of People with Each Score
Percentile by Number Answered
Your Score History
You have not taken this quiz